Online
Catalog

Typee. (Record no. 4148)

MARC details
000 -CABECERA
campo de control de longitud fija 00531cam a2200181 a 4500
001 - NÚMERO DE CONTROL
campo de control 000004339
005 - FECHA Y HORA DE LA ÚLTIMA TRANSACCIÓN
campo de control 20200929151427.0
008 - DATOS DE LONGITUD FIJA--INFORMACIÓN GENERAL
campo de control de longitud fija 830624s1964 nyua 000 0 eng
010 ## - NÚMERO DE CONTROL DE LA BIBLIOTECA DEL CONGRESO
Número de control de LC 64012089
040 ## - FUENTE DE LA CATALOGACIÓN
Centro catalogador/agencia de origen DO-SdBNP
Lengua de catalogación spa
Centro/agencia transcriptor BNPHU
082 ## - NÚMERO DE LA CLASIFICACIÓN DECIMAL DEWEY
Número de clasificación 813.3
Número de documento/Ítem M531t
100 1# - ENTRADA PRINCIPAL--NOMBRE DE PERSONA
Nombre de persona Melville, Herman,
Fechas asociadas al nombre 1819-1891.
9 (RLIN) 12803
245 10 - MENCIÓN DE TÍTULO
Título Typee.
260 ## - PUBLICACIÓN, DISTRIBUCIÓN, ETC.
Lugar de publicación, distribución, etc. New York, :
Nombre del editor, distribuidor, etc. Bantam Books,
Fecha de publicación, distribución, etc. [1964].
300 ## - DESCRIPCIÓN FÍSICA
Extensión xxi, 294, [2] p. :
Otras características físicas ilus. ;
Dimensiones 18 cm.
650 #4 - PUNTO DE ACCESO ADICIONAL DE MATERIA--TÉRMINO DE MATERIA
Término de materia o nombre geográfico como elemento de entrada Novela estadounidense
9 (RLIN) 262
650 #4 - PUNTO DE ACCESO ADICIONAL DE MATERIA--TÉRMINO DE MATERIA
Término de materia o nombre geográfico como elemento de entrada Literatura estadounidense
Subdivisión cronológica SIGLO XIX
9 (RLIN) 12793
Holdings
Estado de retiro Estado de pérdida Restricciones de uso No para préstamo Código de colección Localización permanente Ubicación/localización actual Ubicación en estantería Fecha de adquisición Número de inventario Total de préstamos Signatura topográfica completa Código de barras Fecha visto por última vez Precio válido a partir de Tipo de ítem Koha
    Préstamo interno   Monografías: Libros y Folletos General General En catalogación 21.07.2009 LF1   813.3 M531t 4339-10 25.06.2020 25.06.2020 Préstamo interno

Powered by Koha